000 00608nam a2200217Ia 4500
005 20250508165032.0
008 008 250505s9999 xx 000 0 eng d
037 _aReference
040 _aFEDL
_beng
_cFEDL
041 _aeng
_2eng
084 _a611, SIN/RR
_qFEDL
100 _aSinelnikov R D
_9779782
245 0 _aAtlas of human anatomy. Vol 1
260 _aMoscow
_bMir Publishers
_c1988
300 _a463p.
365 _aINR
_b200
490 _vV.1. Science of bones, joints, ligaments and muscles
546 _aMACESE
942 _cREF
_h611, SIN/RR
999 _c1392781
_d1392781